000 00933nam a2200265Ia 4500
003 OSt
005 20221005105253.0
006 a|||||r|||| 00| 0
007 ta
008 221004b |||||||| |||| 00| 0 hin d
020 _a9789381467404 (hbk)
_c500
024 _a8295
037 _b219, 28/11/2013, Eastern Book Linkers
_cTextual
040 _aCRL
_cCRL
_bhin
041 _2hin
_ahin
082 _aO152,6N27:g, Q2
100 _aयायावर, भारत
245 0 _aनामवर होने का अर्थ
246 _aNāmavar hone kā artha
260 _aनई दिल्ली
_bकिताबघर प्रकाशन भारत
_c2012
300 _a344पृ0
_ccm.
650 _aहिन्दी साहित्य
942 _hO152,6N27:g, Q2
_cTEXL
_2cc
999 _c1015329
_d1015329